000 01037nam a2200265 a 4500
001 59322
003 BD-RjUL
005 20211209080722.0
008 161222s1990 nyu||||| |||| 001 0 eng d
020 _a0313263590
035 _a(BD-RjUL)59446
040 _aBD-RjUL
_beng
_cBD-RjUL
_dBD-RjUL
041 _aeng
082 _223
_a338.7629222
_bPOL 1990
245 0 0 _aThe Politics of industrial recruitment :
_bJapanese automobile investment and economic development in the American states /
_cErnest J. Yanarella and William C. Green
260 _aNew York :
_bGreenwood Press,
_c 1990.
300 _axx,221 p. :
_bill. ;
_c23 cm.
490 _aContributions in economics and economic history, no. 104.
504 _aIncludes index and bibliography
650 _aAutomobile industry and trade
_9176446
_xForeign ownership
_xCase studies.
_zUnited States
700 _a Yanarella, Ernest J.
_9176447
700 _a Green,William C
_9176448
856 _uContributions in economics and economic history, no. 104.
942 _2ddc
_cBK
999 _c59322
_d59322